[Event "Turning Torso Chess Event 2021"]
[Site "Malmoe"]
[Date "2021.08.22"]
[Round "12.2"]
[White "Blomqvist, Erik"]
[Black "Westerberg, Jonathan"]
[Result "1-0"]
[WhiteElo "2537"]
[BlackElo "2526"]
[Annotator "RC"]
[PlyCount "77"]
[EventDate "2021.08.20"]
[EventType "tourn"]
[EventCountry "SWE"]
[SourceTitle "playchess.com"]
[Source "ChessBase"]
[SourceQuality "1"]
[TimeControl "900+5"]

1. e4 {[%emt 0:00:03]} Nc6 {[%emt 0:00:45]} 2. d4 {[%emt 0:00:09]} d5 {[%emt 0:
00:11]} 3. e5 {[%emt 0:00:02]} Bf5 {[%emt 0:00:08]} 4. c3 {[%emt 0:00:01]} e6 {
[%emt 0:00:12]} 5. Nd2 {[%emt 0:00:07]} f6 {[%emt 0:00:04]} 6. f4 {[%emt 0:00:
02]} Nh6 {[%emt 0:02:00]} 7. Ndf3 {[%emt 0:00:08]} Be7 {[%emt 0:00:25]} 8. Bd3
{[%emt 0:00:29]} O-O {[%emt 0:00:59]} 9. Ne2 {[%emt 0:00:20]} Bxd3 {[%emt 0:03:
35]} 10. Qxd3 {[%emt 0:00:02]} Qe8 {[%emt 0:00:05]} 11. h3 {[%emt 0:02:12]} a6
{[%emt 0:02:48]} 12. g4 {[%emt 0:00:46]} Nf7 {[%emt 0:00:55]} 13. O-O {[%emt 0:
00:28]} Na7 {[%emt 0:00:22]} 14. Be3 {[%emt 0:00:52]} fxe5 {[%emt 0:00:18]} 15.
dxe5 {[%emt 0:02:07]} Qb5 {[%emt 0:00:23]} 16. Qc2 {[%emt 0:00:09]} c5 {
[%emt 0:00:08]} 17. b3 {[%emt 0:03:21]} Rac8 {[%emt 0:00:40]} 18. c4 {[%emt 0:
00:09]} Qc6 {[%emt 0:00:31]} 19. Rad1 {[%emt 0:00:33]} b5 {[%emt 0:00:16]} 20.
cxd5 {[%emt 0:00:19]} exd5 {[%emt 0:00:01]} 21. f5 {[%emt 0:00:04]} d4 {
[%emt 0:00:01]} 22. Bf4 {[%emt 0:00:08]} Qb7 {[%emt 0:01:03]} 23. Ng3 {[%emt 0:
00:22]} Nc6 {[%emt 0:00:04]} 24. Qe4 {[%emt 0:00:36]} Na5 {[%emt 0:00:22]} 25.
Qxb7 {[%emt 0:02:03]} Nxb7 {[%emt 0:00:01]} 26. Ne4 {[%emt 0:00:01]} Rfd8 {
[%emt 0:00:24]} 27. Rd3 {[%emt 0:00:32]} Na5 {[%emt 0:00:24]} 28. g5 {[%emt 0:
00:24]} Nc6 {[%emt 0:00:01]} 29. f6 {[%emt 0:00:33]} gxf6 {[%emt 0:00:01]} 30.
gxf6 {[%emt 0:00:00]} Bf8 {[%emt 0:00:02]} 31. e6 {[%emt 0:00:08]} Nh8 {
[%emt 0:00:05]} 32. Ne5 {[%emt 0:00:12]} Ng6 {[%emt 0:00:13]} 33. Nxg6 {
[%emt 0:00:09]} hxg6 {[%emt 0:00:01]} 34. Rg3 {[%emt 0:00:03]} d3 {[%emt 0:00:
12]} 35. Rxg6+ {[%emt 0:00:04]} Kh7 {[%emt 0:00:02]} 36. Rg2 {[%emt 0:00:04]}
Bh6 {[%emt 0:00:12]} 37. Bxh6 Kxh6 {[%emt 0:00:01]} 38. e7 {[%emt 0:00:17]} Rd4
{[%emt 0:00:08]} 39. Rf4 {[%emt 0:00:07]} 1-0

[Event "Turning Torso Chess Event 2021"]
[Site "Malmoe"]
[Date "2021.08.22"]
[Round "15.3"]
[White "Hector, Jonny"]
[Black "Grandelius, Nils"]
[Result "0-1"]
[WhiteElo "2465"]
[BlackElo "2666"]
[Annotator "ChessBase"]
[PlyCount "86"]
[EventDate "2021.08.20"]
[EventType "tourn"]
[EventCountry "SWE"]
[SourceTitle "playchess.com"]
[Source "ChessBase"]
[SourceQuality "1"]
[TimeControl "900+5"]

1. e4 {[%emt 0:00:05]} c6 {[%emt 0:00:24]} 2. Nc3 {[%emt 0:00:05]} d5 {[%emt 0:
00:02]} 3. Nf3 {[%emt 0:00:02]} Bg4 {[%emt 0:00:18]} 4. h3 {[%emt 0:00:03]}
Bxf3 {[%emt 0:00:03]} 5. gxf3 {[%emt 0:00:04]} d4 {[%emt 0:00:59]} 6. Ne2 {
[%emt 0:00:04]} e6 {[%emt 0:00:27]} 7. d3 {[%emt 0:01:19]} Ne7 {[%emt 0:00:31]}
8. f4 {[%emt 0:00:20]} Ng6 {[%emt 0:00:30]} 9. h4 {[%emt 0:00:23]} Nxh4 {
[%emt 0:00:17]} 10. Nxd4 {[%emt 0:00:17]} Ng6 {[%emt 0:03:32]} 11. f5 {[%emt 0:
02:39]} Ne7 {[%emt 0:00:19]} 12. Be3 {[%emt 0:00:33]} c5 {[%emt 0:01:03]} 13.
Nb3 {[%emt 0:00:22]} exf5 {[%emt 0:00:05]} 14. Bxc5 {[%emt 0:00:59]} Nd7 {
[%emt 0:01:17]} 15. Ba3 {[%emt 0:00:53]} Nc6 {[%emt 0:02:06]} 16. Bxf8 {
[%emt 0:00:41]} Kxf8 {[%emt 0:00:02]} 17. Qd2 {[%emt 0:01:30]} fxe4 {[%emt 0:
00:58]} 18. O-O-O {[%emt 0:00:33]} exd3 {[%emt 0:00:31]} 19. Bxd3 {[%emt 0:00:
22]} Nde5 {[%emt 0:00:06]} 20. Qe3 {[%emt 0:00:32]} Qf6 {[%emt 0:00:34]} 21. f4
{[%emt 0:02:23]} Nxd3+ {[%emt 0:00:06]} 22. Rxd3 {[%emt 0:00:06]} Re8 {[%emt 0:
00:10]} 23. Qd2 {[%emt 0:00:09]} h5 {[%emt 0:00:34]} 24. Nc5 {[%emt 0:00:02]}
Qe7 {[%emt 0:01:23]} 25. Qc3 {[%emt 0:00:02]} Rh6 {[%emt 0:00:18]} 26. Rg1 {
[%emt 0:01:25]} Rg6 {[%emt 0:00:05]} 27. Rh1 {[%emt 0:00:20]} h4 {[%emt 0:00:
12]} 28. b3 {[%emt 0:00:06]} Rg4 {[%emt 0:00:12]} 29. f5 {[%emt 0:00:23]} Qg5+
{[%emt 0:00:06]} 30. Kb1 {[%emt 0:00:00]} Qxf5 {[%emt 0:00:07]} 31. Nxb7 {
[%emt 0:00:01]} Ne5 {[%emt 0:00:10]} 32. Re3 {[%emt 0:00:07]} Qf6 {[%emt 0:00:
12]} 33. Rhe1 {[%emt 0:00:11]} Rg5 {[%emt 0:00:03]} 34. Nc5 {[%emt 0:00:09]}
Qe7 {[%emt 0:00:06]} 35. Rxe5 {[%emt 0:00:03]} Rxe5 {[%emt 0:00:01]} 36. Rxe5 {
[%emt 0:00:01]} Qd6 {[%emt 0:00:07]} 37. b4 {[%emt 0:00:16]} Rxe5 {[%emt 0:00:
05]} 38. Qxe5 {[%emt 0:00:02]} Qxe5 {[%emt 0:00:01]} 39. Nd7+ {[%emt 0:00:01]}
Ke7 {[%emt 0:00:01]} 40. Nxe5 {[%emt 0:00:01]} h3 {[%emt 0:00:02]} 41. Nf3 {
[%emt 0:00:04]} g5 {[%emt 0:00:01]} 42. Nh2 {[%emt 0:00:02]} f5 {[%emt 0:00:01]
} 43. Kc1 {[%emt 0:00:27]} g4 {[%emt 0:00:01]} 0-1

[Event "Turning Torso Chess Event 2021"]
[Site "Malmoe"]
[Date "2021.08.22"]
[Round "18.4"]
[White "Hector, Jonny"]
[Black "Westerberg, Jonathan"]
[Result "1/2-1/2"]
[WhiteElo "2465"]
[BlackElo "2526"]
[Annotator "ChessBase"]
[PlyCount "85"]
[EventDate "2021.08.20"]
[EventType "tourn"]
[EventCountry "SWE"]
[SourceTitle "playchess.com"]
[Source "ChessBase"]
[SourceQuality "1"]
[TimeControl "900+5"]

1. e4 {[%emt 0:00:04]} c5 {[%emt 0:00:14]} 2. Nf3 {[%emt 0:00:04]} Nc6 {
[%emt 0:00:02]} 3. Nc3 {[%emt 0:00:03]} d6 {[%emt 0:00:21]} 4. d4 {[%emt 0:00:
03]} cxd4 {[%emt 0:00:02]} 5. Nxd4 {[%emt 0:00:02]} Nf6 {[%emt 0:00:01]} 6. Bg5
{[%emt 0:00:02]} g6 {[%emt 0:00:01]} 7. Nb3 {[%emt 0:00:57]} Bg7 {[%emt 0:00:
05]} 8. Be2 {[%emt 0:00:02]} O-O {[%emt 0:00:16]} 9. Qd2 {[%emt 0:00:18]} Re8 {
[%emt 0:01:03]} 10. O-O {[%emt 0:00:43]} a5 {[%emt 0:00:48]} 11. a4 {[%emt 0:
00:21]} Be6 {[%emt 0:00:01]} 12. Rfe1 {[%emt 0:00:41]} Rc8 {[%emt 0:01:25]} 13.
Bb5 {[%emt 0:00:15]} Nd7 {[%emt 0:00:17]} 14. Rab1 {[%emt 0:00:41]} Bxb3 {
[%emt 0:01:24]} 15. cxb3 {[%emt 0:00:03]} Nd4 {[%emt 0:00:13]} 16. Qd1 {
[%emt 0:02:24]} Nxb5 {[%emt 0:00:55]} 17. Nxb5 {[%emt 0:00:02]} Nc5 {[%emt 0:
00:52]} 18. Bd2 {[%emt 0:00:37]} Nd3 {[%emt 0:03:13]} 19. Re3 {[%emt 0:00:24]}
Nb4 {[%emt 0:01:55]} 20. Bc3 {[%emt 0:00:15]} Rc5 {[%emt 0:01:07]} 21. Rh3 {
[%emt 0:00:55]} Nc6 {[%emt 0:00:47]} 22. Qd2 {[%emt 0:00:17]} h5 {[%emt 0:00:
22]} 23. Rd1 {[%emt 0:00:27]} b6 {[%emt 0:00:12]} 24. f4 {[%emt 0:00:13]} Bh6 {
[%emt 0:00:33]} 25. Qf2 {[%emt 0:00:13]} Qc8 {[%emt 0:00:05]} 26. f5 {[%emt 0:
00:17]} Ne5 {[%emt 0:00:08]} 27. Nd4 {[%emt 0:01:50]} e6 {[%emt 0:00:24]} 28.
Rf1 {[%emt 0:00:15]} exf5 {[%emt 0:00:03]} 29. exf5 {[%emt 0:00:02]} Qd7 {
[%emt 0:00:12]} 30. Rg3 {[%emt 0:01:14]} Ng4 {[%emt 0:00:06]} 31. Rxg4 {
[%emt 0:00:10]} hxg4 {[%emt 0:00:01]} 32. Qh4 {[%emt 0:00:11]} Be3+ {[%emt 0:
00:24]} 33. Kh1 {[%emt 0:00:01]} Rxc3 {[%emt 0:00:09]} 34. fxg6 {[%emt 0:00:23]
} fxg6 {[%emt 0:00:03]} 35. bxc3 {[%emt 0:00:05]} Bxd4 {[%emt 0:00:06]} 36.
cxd4 {[%emt 0:00:15]} Qe6 {[%emt 0:00:08]} 37. Qh6 {[%emt 0:00:37]} Qf5 {
[%emt 0:00:00]} 38. Kg1 {[%emt 0:00:03]} Qe4 {[%emt 0:00:06]} 39. Kh1 {[%emt 0:
00:36]} Qf5 {[%emt 0:00:01]} 40. Qc1 {[%emt 0:00:08]} Qe6 {[%emt 0:00:08]} 41.
Qc7 {[%emt 0:00:15]} Rf8 {[%emt 0:00:01]} 42. Rxf8+ {[%emt 0:00:51]} Kxf8 {
[%emt 0:00:01]} 43. Qc3 {[%emt 0:00:04]} 1/2-1/2

[Event "Turning Torso Chess Event 2021"]
[Site "Malmoe"]
[Date "2021.08.22"]
[Round "12.3"]
[White "Hellers, Ferdinand"]
[Black "Agrest, Evgenij"]
[Result "1-0"]
[WhiteElo "2592"]
[BlackElo "2568"]
[Annotator "TA"]
[PlyCount "101"]
[EventDate "2021.08.20"]
[EventType "tourn"]
[EventCountry "SWE"]
[SourceTitle "playchess.com"]
[Source "ChessBase"]
[SourceQuality "1"]

{[%evp 9,101,5,10,8,6,7,14,15,34,44,37,28,27,0,27,34,41,31,62,59,69,36,72,64,
79,76,104,82,96,83,125,85,127,136,137,112,120,119,177,168,174,165,220,227,224,
160,161,31,170,192,190,174,220,134,229,162,201,180,189,82,75,93,83,89,72,24,13,
17,16,-110,15,2,4,0,0,0,42,0,255,0,691,765,1737,1636,29978,29979,2596,2599,
29987,29988,29987,29988,29998,29998]} 1. Nf3 d5 2. d4 Nf6 3. Bf4 c5 4. e3 Nc6
5. Nbd2 cxd4 6. exd4 {D02: 1 d4 d5 2 Nf3 sidelines, including 2...Nf6 3 g3 and
2...Nf6 3 Bf4.} Bf5 7. c3 e6 8. Qb3 {The position is equal.} Bd6 {is currently
scoring better than 8...Qc8.} 9. Qxb7 Bxf4 10. Qxc6+ Kf8 11. g3 Bxd2+ (11...
Bd6 {seems wilder.} 12. Nb3 Rb8 13. Ne5 h5 14. Bg2 h4) 12. Nxd2 {[#]} Rb8 $146
({Predecessor:} 12... g6 13. Bg2 Kg7 14. O-O Qb8 15. Nb3 a5 16. Rfe1 h5 17. Nc5
h4 18. b3 hxg3 19. hxg3 Ng4 20. Qb7 Qd6 21. Qd7 Qb6 22. Qb7 Qd6 23. Qd7 Qb6 24.
Qb7 {1/2-1/2 (24) Artemiev,V (2653)-Shirov,A (2673) Moscow 2016}) 13. Nb3 Be4
14. Rg1 g5 15. Be2 g4 16. O-O-O Kg7 17. Nc5 Qe7 18. Bd3 Rhc8 19. Qa4 Bf3 20.
Rd2 Rb6 21. Re1 Rc7 22. Bb1 h6 23. Re3 Rc8 (23... Nd7 $16 {was necessary.}) 24.
h3 $18 h5 25. h4 a6 (25... Rc7 {was called for.} 26. Re5 Kh6) 26. Re5 Qd6 27.
Qc2 Kf8 28. Re1 (28. b4 $18) 28... Rb5 (28... Ne4 $1 $14) 29. Qa4 Rb6 30. Bd3
Kg7 31. b4 Ra8 (31... Be4 $16 {is a better defense.}) 32. Qc2 Rc8 33. a4 a5 34.
bxa5 (34. b5 $18) 34... Rbb8 35. Bb5 Ne4 36. Nxe4 Bxe4 37. Qb2 Rc7 38. Re3 f5
39. c4 (39. Qb3 $11 {remains equal.}) 39... dxc4 ({Black should try} 39...
Rxc4+ $17 40. Rc3 Rb4) 40. d5+ $11 e5 41. Qa3 Rc5 $1 42. Rc3 f4 43. a6 {
Black must now prevent gxf4.} Bh7 $2 {[%mdl 8192] [#]} (43... fxg3 $11 {
and Black is okay.} 44. fxg3 Rcxb5 45. axb5 (45. Qxd6 $2 {is a self mate.} Rb1#
) 45... Rxb5) 44. Rb2 $2 ({White has to play} 44. Kb2 $1 $18 {Hoping for a7.}
Qc7 45. Ka2) 44... Qxd5 $2 {[%mdl 8192]} (44... Rd8 $11 45. Rd2 Qg6) 45. Rd2
$18 ({Not} 45. Bc6 $2 Qxc6 46. Rb7+ Kf6 $19) 45... Qe4 46. Rd7+ Kf6 47. Qxc5
Qb1+ 48. Kd2 {[#] Threatening mate with Qc6+.} Qb2+ 49. Kd1 {White mates.} Qb1+
50. Rc1 Qb2 51. Qe7+ {Weighted Error Value: White=0.32/Black=0.72} 1-0

[Event "Turning Torso Chess Event 2021"]
[Site "Malmoe"]
[Date "2021.08.22"]
[Round "15.4"]
[White "Blomqvist, Erik"]
[Black "Schussler, Harry"]
[Result "1/2-1/2"]
[WhiteElo "2537"]
[BlackElo "2410"]
[Annotator "ChessBase"]
[PlyCount "81"]
[EventDate "2021.08.20"]
[EventType "tourn"]
[EventCountry "SWE"]
[SourceTitle "playchess.com"]
[Source "ChessBase"]
[SourceQuality "1"]
[TimeControl "900+5"]

1. e4 {[%emt 0:00:03]} e5 {[%emt 0:00:05]} 2. Nf3 {[%emt 0:00:02]} Nf6 {
[%emt 0:00:01]} 3. Nxe5 {[%emt 0:00:09]} d6 {[%emt 0:00:02]} 4. Nf3 {[%emt 0:
00:05]} Nxe4 {[%emt 0:00:02]} 5. d3 {[%emt 0:00:02]} Nf6 {[%emt 0:00:07]} 6. d4
{[%emt 0:00:01]} g6 {[%emt 0:00:54]} 7. Bd3 {[%emt 0:01:26]} Bg7 {[%emt 0:00:
05]} 8. O-O {[%emt 0:00:04]} O-O {[%emt 0:00:03]} 9. Re1 {[%emt 0:00:09]} Bg4 {
[%emt 0:01:21]} 10. h3 {[%emt 0:00:12]} Bxf3 {[%emt 0:00:05]} 11. Qxf3 {
[%emt 0:00:03]} d5 {[%emt 0:00:10]} 12. Bg5 {[%emt 0:00:23]} Nbd7 {[%emt 0:00:
18]} 13. Nd2 {[%emt 0:00:15]} c6 {[%emt 0:00:11]} 14. c3 {[%emt 0:00:57]} Qb6 {
[%emt 0:00:24]} 15. Nb3 {[%emt 0:01:48]} a5 {[%emt 0:00:38]} 16. Re2 {[%emt 0:
01:08]} Rfe8 {[%emt 0:01:53]} 17. Rae1 {[%emt 0:00:04]} Rxe2 {[%emt 0:01:43]}
18. Rxe2 {[%emt 0:00:03]} Re8 {[%emt 0:00:09]} 19. Rxe8+ {[%emt 0:01:23]} Nxe8
{[%emt 0:00:02]} 20. Qe2 {[%emt 0:00:02]} Nef6 {[%emt 0:00:06]} 21. Qc2 {
[%emt 0:00:56]} Bf8 {[%emt 0:00:27]} 22. g3 {[%emt 0:00:27]} Bd6 {[%emt 0:00:
29]} 23. Kg2 {[%emt 0:00:01]} Kg7 {[%emt 0:00:19]} 24. a4 {[%emt 0:00:34]} Qd8
{[%emt 0:00:28]} 25. Qc1 {[%emt 0:00:24]} Bc7 {[%emt 0:00:37]} 26. Nd2 {
[%emt 0:00:21]} Qe8 {[%emt 0:00:26]} 27. Nf3 {[%emt 0:00:18]} Ne4 {[%emt 0:00:
13]} 28. Bh6+ {[%emt 0:00:03]} Kg8 {[%emt 0:00:05]} 29. c4 {[%emt 0:00:59]}
dxc4 {[%emt 0:00:31]} 30. Qxc4 {[%emt 0:00:02]} Nb6 {[%emt 0:02:06]} 31. Qb3 {
[%emt 0:00:07]} Nf6 {[%emt 0:00:06]} 32. Ne5 {[%emt 0:01:40]} Nfd5 {[%emt 0:00:
21]} 33. Ng4 {[%emt 0:00:23]} Qe7 {[%emt 0:00:37]} 34. Bd2 {[%emt 0:01:59]} Nb4
{[%emt 0:00:06]} 35. Bxb4 {[%emt 0:00:41]} Qxb4 {[%emt 0:00:33]} 36. Nf6+ {
[%emt 0:00:25]} Kf8 {[%emt 0:00:05]} 37. Qxb4+ {[%emt 0:00:22]} axb4 {[%emt 0:
00:02]} 38. a5 {[%emt 0:00:06]} Nd5 {[%emt 0:00:11]} 39. Nxd5 {[%emt 0:00:04]}
cxd5 {[%emt 0:00:02]} 40. Kf3 {[%emt 0:00:06]} Bxa5 {[%emt 0:00:06]} 41. b3 {
[%emt 0:00:03]} 1/2-1/2

[Event "Turning Torso Chess Event 2021"]
[Site "Malmoe"]
[Date "2021.08.22"]
[Round "12.4"]
[White "Schussler, Harry"]
[Black "Hector, Jonny"]
[Result "0-1"]
[WhiteElo "2410"]
[BlackElo "2465"]
[Annotator "ChessBase"]
[PlyCount "54"]
[EventDate "2021.08.20"]
[EventType "tourn"]
[EventCountry "SWE"]
[SourceTitle "playchess.com"]
[Source "ChessBase"]
[SourceQuality "1"]
[TimeControl "900+5"]

1. d4 {[%emt 0:00:04]} d5 {[%emt 0:00:02]} 2. Nf3 {[%emt 0:00:04]} Nf6 {
[%emt 0:00:02]} 3. Bf4 {[%emt 0:00:08]} c5 {[%emt 0:00:06]} 4. e3 {[%emt 0:00:
33]} Nc6 {[%emt 0:00:04]} 5. c3 {[%emt 0:00:14]} Qb6 {[%emt 0:00:03]} 6. Qb3 {
[%emt 0:01:09]} c4 {[%emt 0:00:04]} 7. Qc2 {[%emt 0:00:17]} Bf5 {[%emt 0:00:04]
} 8. Qc1 {[%emt 0:00:06]} e6 {[%emt 0:00:05]} 9. h3 {[%emt 0:00:36]} Be7 {
[%emt 0:00:35]} 10. Nbd2 {[%emt 0:00:02]} h6 {[%emt 0:00:48]} 11. Be2 {[%emt 0:
00:11]} Qa5 {[%emt 0:00:49]} 12. O-O {[%emt 0:02:33]} b5 {[%emt 0:00:06]} 13.
Ne5 {[%emt 0:01:10]} Nxe5 {[%emt 0:00:18]} 14. Bxe5 {[%emt 0:00:05]} b4 {
[%emt 0:00:53]} 15. Bxf6 {[%emt 0:00:46]} gxf6 {[%emt 0:00:50]} 16. e4 {
[%emt 0:01:41]} bxc3 {[%emt 0:01:03]} 17. exf5 {[%emt 0:00:30]} cxd2 {[%emt 0:
00:17]} 18. Qc2 {[%emt 0:00:05]} e5 {[%emt 0:00:39]} 19. dxe5 {[%emt 0:03:35]}
fxe5 {[%emt 0:00:02]} 20. Rfd1 {[%emt 0:01:23]} Bg5 {[%emt 0:01:21]} 21. g3 {
[%emt 0:00:02]} Rg8 {[%emt 0:02:10]} 22. h4 {[%emt 0:00:28]} Bf4 {[%emt 0:00:
03]} 23. Kf1 {[%emt 0:00:41]} Bxg3 {[%emt 0:00:03]} 24. fxg3 {[%emt 0:00:02]}
Rxg3 {[%emt 0:00:02]} 25. Kf2 {[%emt 0:00:34]} Rg7 {[%emt 0:01:26]} 26. Bf3 {
[%emt 0:00:02]} e4 {[%emt 0:01:29]} 27. Bxe4 {[%emt 0:00:06]} Qc7 {[%emt 0:00:
02]} 0-1

[Event "Turning Torso Chess Event 2021"]
[Site "Malmoe"]
[Date "2021.08.22"]
[Round "15.5"]
[White "Westerberg, Jonathan"]
[Black "Brynell, Stellan"]
[Result "1/2-1/2"]
[WhiteElo "2526"]
[BlackElo "2422"]
[Annotator "ChessBase"]
[PlyCount "84"]
[EventDate "2021.08.20"]
[EventType "tourn"]
[EventCountry "SWE"]
[SourceTitle "playchess.com"]
[Source "ChessBase"]
[SourceQuality "1"]
[TimeControl "900+5"]

1. d4 {[%emt 0:00:18]} Nf6 {[%emt 0:00:04]} 2. Nf3 {[%emt 0:00:01]} d5 {
[%emt 0:00:05]} 3. c4 {[%emt 0:00:07]} e6 {[%emt 0:00:04]} 4. Nc3 {[%emt 0:00:
02]} dxc4 {[%emt 0:00:03]} 5. e4 {[%emt 0:00:22]} Bb4 {[%emt 0:00:02]} 6. Bg5 {
[%emt 0:01:08]} c5 {[%emt 0:00:18]} 7. Bxc4 {[%emt 0:00:53]} cxd4 {[%emt 0:00:
02]} 8. Nxd4 {[%emt 0:00:17]} Bxc3+ {[%emt 0:00:03]} 9. bxc3 {[%emt 0:00:02]}
Qa5 {[%emt 0:00:02]} 10. Bxf6 {[%emt 0:00:57]} Qxc3+ {[%emt 0:00:08]} 11. Kf1 {
[%emt 0:00:01]} gxf6 {[%emt 0:00:02]} 12. Kg1 {[%emt 0:00:52]} Bd7 {[%emt 0:07:
03]} 13. Rc1 {[%emt 0:03:16]} Qa5 {[%emt 0:01:27]} 14. h4 {[%emt 0:00:15]} a6 {
[%emt 0:01:09]} 15. Rh3 {[%emt 0:00:25]} Nc6 {[%emt 0:00:13]} 16. Nb3 {[%emt 0:
02:04]} Qe5 {[%emt 0:00:22]} 17. Qd2 {[%emt 0:00:10]} O-O-O {[%emt 0:01:19]}
18. Bxa6 {[%emt 0:02:03]} bxa6 {[%emt 0:00:57]} 19. Na5 {[%emt 0:00:01]} Qxe4 {
[%emt 0:00:36]} 20. Qb2 {[%emt 0:01:24]} Kc7 {[%emt 0:01:00]} 21. Re3 {[%emt 0:
00:27]} Qd5 {[%emt 0:01:25]} 22. Qb7+ {[%emt 0:00:19]} Kd6 {[%emt 0:00:01]} 23.
Qxa6 {[%emt 0:00:17]} Ra8 {[%emt 0:00:08]} 24. Nc4+ {[%emt 0:00:26]} Ke7 {
[%emt 0:00:02]} 25. Nb6 {[%emt 0:00:31]} Rxa6 {[%emt 0:00:10]} 26. Nxd5+ {
[%emt 0:00:01]} Kd6 {[%emt 0:00:20]} 27. Nxf6 {[%emt 0:00:01]} Ke7 {[%emt 0:00:
00]} 28. Nd5+ {[%emt 0:00:14]} Kd6 {[%emt 0:00:01]} 29. Nf6 {[%emt 0:00:02]}
Kc7 {[%emt 0:00:05]} 30. Rf3 {[%emt 0:00:03]} Rxa2 {[%emt 0:00:08]} 31. Nxd7 {
[%emt 0:00:01]} Kxd7 {[%emt 0:00:01]} 32. Rxf7+ {[%emt 0:00:02]} Kd6 {[%emt 0:
00:01]} 33. Rd1+ {[%emt 0:00:08]} Ke5 {[%emt 0:00:07]} 34. Rdd7 {[%emt 0:00:03]
} Nd4 {[%emt 0:00:07]} 35. Rxh7 {[%emt 0:00:08]} Rxh7 {[%emt 0:00:10]} 36. Rxh7
{[%emt 0:00:01]} Nf5 {[%emt 0:00:04]} 37. h5 {[%emt 0:00:25]} Kf4 {[%emt 0:00:
06]} 38. Rh8 {[%emt 0:00:05]} Kg5 {[%emt 0:00:09]} 39. Rg8+ {[%emt 0:00:14]}
Kxh5 {[%emt 0:00:07]} 40. g4+ {[%emt 0:00:01]} Kh4 {[%emt 0:00:01]} 41. gxf5 {
[%emt 0:00:01]} exf5 {[%emt 0:00:01]} 42. Kg2 {[%emt 0:00:02]} Ra3 {[%emt 0:00:
04]} 1/2-1/2

[Event "Turning Torso Chess Event 2021"]
[Site "Malmoe"]
[Date "2021.08.22"]
[Round "12.5"]
[White "Pantzar, Milton"]
[Black "Smith, Axel"]
[Result "1-0"]
[WhiteElo "2424"]
[BlackElo "2451"]
[Annotator "RC"]
[PlyCount "83"]
[EventDate "2021.08.20"]
[EventType "tourn"]
[EventCountry "SWE"]
[SourceTitle "playchess.com"]
[Source "ChessBase"]
[SourceQuality "1"]
[TimeControl "900+5"]

1. d4 {[%emt 0:00:02]} Nf6 {[%emt 0:00:01]} 2. c4 {[%emt 0:00:02]} c5 {[%emt 0:
00:02]} 3. d5 {[%emt 0:00:04]} b5 {[%emt 0:00:01]} 4. cxb5 {[%emt 0:00:04]} a6
{[%emt 0:00:00]} 5. e3 {[%emt 0:00:09]} e6 {[%emt 0:00:09]} 6. dxe6 {[%emt 0:
00:10]} fxe6 {[%emt 0:00:02]} 7. Nf3 {[%emt 0:00:14]} d5 {[%emt 0:03:43]} 8.
Nc3 {[%emt 0:00:04]} Bd6 {[%emt 0:00:24]} 9. e4 {[%emt 0:01:44]} Be7 {[%emt 0:
04:57]} 10. e5 {[%emt 0:04:45]} Nfd7 {[%emt 0:00:02]} 11. Bd3 {[%emt 0:00:02]}
O-O {[%emt 0:01:49]} 12. h4 {[%emt 0:00:45]} Qe8 {[%emt 0:01:16]} 13. Ng5 {
[%emt 0:01:31]} Bxg5 {[%emt 0:00:05]} 14. hxg5 {[%emt 0:00:07]} g6 {[%emt 0:00:
06]} 15. f4 {[%emt 0:00:41]} Bb7 {[%emt 0:00:24]} 16. O-O {[%emt 0:00:20]} Qe7
{[%emt 0:00:36]} 17. Kh2 {[%emt 0:03:08]} axb5 {[%emt 0:00:19]} 18. Nxb5 {
[%emt 0:00:05]} Nc6 {[%emt 0:00:01]} 19. Be3 {[%emt 0:00:19]} Ba6 {[%emt 0:00:
10]} 20. a4 {[%emt 0:00:29]} Nb4 {[%emt 0:00:16]} 21. Be2 {[%emt 0:00:04]} Rfb8
{[%emt 0:00:21]} 22. b3 {[%emt 0:00:11]} Rf8 {[%emt 0:00:49]} 23. Rc1 {[%emt 0:
00:04]} d4 {[%emt 0:00:15]} 24. Bd2 {[%emt 0:00:05]} Nd5 {[%emt 0:00:04]} 25.
Bc4 {[%emt 0:00:17]} N7b6 {[%emt 0:00:10]} 26. Bd3 {[%emt 0:00:08]} Rab8 {
[%emt 0:00:12]} 27. Qc2 {[%emt 0:00:29]} Rbc8 {[%emt 0:00:12]} 28. g4 {[%emt 0:
00:09]} Ne3 {[%emt 0:00:02]} 29. Bxe3 {[%emt 0:00:03]} dxe3 {[%emt 0:00:01]}
30. Nd6 {[%emt 0:00:12]} Bxd3 {[%emt 0:00:14]} 31. Qxd3 {[%emt 0:00:02]} Nd5 {
[%emt 0:00:29]} 32. Nxc8 {[%emt 0:00:08]} Rxc8 {[%emt 0:00:01]} 33. Kg3 {
[%emt 0:00:19]} Qb7 {[%emt 0:00:17]} 34. Rc4 {[%emt 0:00:19]} Nb6 {[%emt 0:00:
10]} 35. Re4 {[%emt 0:00:07]} Nd5 {[%emt 0:00:01]} 36. f5 {[%emt 0:00:13]} gxf5
{[%emt 0:00:04]} 37. gxf5 {[%emt 0:00:01]} exf5 {[%emt 0:00:06]} 38. Rxf5 {
[%emt 0:00:04]} Re8 {[%emt 0:00:02]} 39. e6 {[%emt 0:00:10]} Qc7+ {[%emt 0:00:
06]} 40. Kh3 {[%emt 0:00:11]} Ne7 {[%emt 0:00:03]} 41. Rf7 {[%emt 0:00:07]} Rd8
{[%emt 0:00:13]} 42. Rd4 {[%emt 0:00:08]} 1-0